[Event "RUS Cup"]
[Site "Serpukhov"]
[Date "2007.11.14"]
[Round "5.2"]
[White "Tomashevsky, Evgeny"]
[Black "Zvjaginsev, Vadim"]
[Result "1/2-1/2"]
[WhiteElo "2646"]
[BlackElo "2674"]
[PlyCount "88"]
[EventDate "2007.11.05"]
[EventType "k.o."]
[EventRounds "6"]
[EventCountry "RUS"]
[SourceTitle "EXT 2008"]
[Source "ChessBase"]
[SourceDate "2007.11.25"]
[SourceVersion "1"]
[SourceVersionDate "2007.11.25"]
[SourceQuality "1"]

1. c4 e6 2. Nf3 d5 3. g3 c5 4. Bg2 Nf6 5. O-O Be7 6. d4 O-O 7. cxd5 exd5 8. dxc5 Be6 ({RR} 8... Na6 9. Nc3 Nxc5 10. Be3 Bg4 11. Rc1 Rc8 12. Ne5 Be6 13. Qd4 Qb6 14. Rfd1 Qa6 15. Nd3 Nxd3 16. Qxd3 Rc6 17. Nxd5 Nxd5 18. Bxd5 Bxd5 19. Qxd5 Qxe2 20. Qd7 Bf6 21. Qxb7 Rxc1 22. Rxc1 a5 23. Rc8 {Granda Zuniga,J (2646)-Narciso Dublan,M (2511) Barcelona 2006 1-0 (44)}) ({RR} 8... Na6 9. a3 Nxc5 10. b4 Ne6 11. Bb2 Ne4 12. Nbd2 f6 13. Nb3 b6 14. Nbd4 Bd7 15. Nf5 Nc7 16. Nxe7+ Qxe7 17. Nd4 Kh8 18. Rc1 Qd6 19. Qd3 f5 20. e3 Rac8 21. f3 Nxg3 22. hxg3 Qxg3 23. f4 {Izquierdo,S (1970)-Reolon,V (1711) Montevideo URU 2025 1-0 (31)}) 9. Be3 $146 ({RR} 9. Nc3 Na6 10. Nd4 Nxc5 11. b4 Na6 12. a3 Rc8 13. Qd3 Re8 14. Bb2 Nb8 15. Nxe6 fxe6 16. e4 dxe4 17. Qxd8 Rexd8 18. Nxe4 Rc2 19. Rab1 Nc6 20. Rfc1 Rxc1+ 21. Rxc1 Nd4 22. Bxd4 Rxd4 23. Rc8+ Kf7 {Wells,P (2410)-Carton,N Blackpool 1988 1-0 (47)}) ({RR} 9. Nc3 Nbd7 10. Nd4 Nxc5 11. Nxe6 fxe6 12. Be3 Kh8 13. h3 Qd7 14. Rc1 b6 15. Bd4 Rad8 16. Qc2 Bd6 17. Rcd1 Qf7 18. Nb5 Bb8 19. Bxc5 Rc8 20. b4 Nd7 21. e4 bxc5 22. exd5 cxb4 23. Qe4 exd5 {Vyskocil,N (2376)-Mrazek,L (2211) Czech Republic 2014 ½-½}) 9... Nbd7 10. Nc3 Bxc5 11. Bd4 Rc8 12. Rc1 Bxd4 13. Qxd4 Qb6 14. Qxb6 Nxb6 15. Nd4 Nc4 16. b3 Ne5 17. Ncb5 Bd7 18. Nd6 Rxc1 19. Rxc1 Nc6 20. Nxc6 Bxc6 21. Nf5 Re8 22. Nd4 Kf8 23. Bh3 Re7 24. f3 g6 25. Kf2 h5 26. Rc2 Bd7 27. Bxd7 Rxd7 28. Ke3 Ke7 29. Kf4 Ne8 30. Rc8 Ng7 31. Kg5 Ne8 32. h4 a6 33. Rc3 Kf8 34. Rc8 Ke7 35. Kf4 Nd6 36. Rc5 Ne8 37. Rc1 Nc7 38. g4 Kf6 39. g5+ Ke7 40. Ke5 Kd8 41. Rd1 Re7+ 42. Kf4 Kd7 43. e4 Kd6 44. Ke3 Ke5 1/2-1/2

[Event "GCT Warsaw 2024"]
[Site "Warsaw, Poland"]
[Date "2024.05.12"]
[Round "24.2"]
[White "Erigaisi Arjun"]
[Black "Wei, Yi"]
[Result "0-1"]
[WhiteElo "2671"]
[BlackElo "2758"]
[PlyCount "88"]
[EventDate "2024.??.??"]

1. d4 Nf6 2. c4 e6 3. Nf3 d5 4. cxd5 exd5 5. Bf4 Bd6 ({RR} 5... c6 6. e3 Bf5 7. Bd3 Bxd3 8. Qxd3 Nbd7 9. O-O Be7 10. h3 O-O 11. Qb3 Qb6 12. Nbd2 Rfe8 13. Ne5 Nxe5 14. Bxe5 Nd7 15. Bg3 Nf6 16. Be5 Nd7 17. Bg3 Bb4 18. Rfd1 Nf6 19. Be5 Nd7 20. Bg3 {Savicevs,A (1669)-Grabarczyk,M (2371) Katowice POL 2021 0-1 (92)}) 6. Bxd6 ({RR} 6. Bg3 Ne4 7. Nc3 Nxg3 8. hxg3 c6 9. e3 h6 10. Bd3 Be6 11. Ne2 g5 12. Qb3 Qe7 13. O-O-O Kf8 14. Kb1 Kg7 15. Ne5 c5 16. Qc2 Bxe5 17. dxe5 Nc6 18. f4 c4 19. Bxc4 Nb4 20. Qc3 Rac8 {Bacrot,E (2662)-Pranesh,M (2503) Dusseldorf GER 2023 0-1 (39)}) 6... Qxd6 7. e3 Bf5 ({RR} 7... O-O 8. Bd3 Bg4 9. Nbd2 Nbd7 10. O-O Rfe8 11. Qb3 Rab8 12. Rfc1 c6 13. a4 Bxf3 14. Nxf3 Ne4 15. Qc2 Re6 16. Nd2 f5 17. Nf1 g6 18. f3 Nef6 19. Qd2 Nh5 20. g3 Ng7 21. b4 g5 22. Qc2 {Granda Zuniga,J (2599)-Peralta,F (2558) Barcelona 2008 ½-½ (51)}) 8. Qb3 $146 ({RR} 8. Qa4+ Nbd7 9. Nc3 O-O 10. Be2 c6 11. O-O Rfe8 12. Rac1 h6 13. b4 b5 14. Qa5 a6 15. Rfd1 Reb8 16. h3 Nb6 17. Ne5 Nc4 18. Bxc4 dxc4 19. f3 Bh7 20. a4 Nd5 21. Nxd5 cxd5 22. Rd2 f6 {Bryzgalin,K (2483)-Smirnov,P (2618) Moscow 2013 0-1 (39)}) ({RR} 8. Be2 O-O 9. O-O Nbd7 10. Nbd2 b6 11. Rc1 c5 12. Bb5 a6 13. Bxd7 Nxd7 14. Qe2 Rfe8 15. Qd1 Re6 16. Qb3 Rg6 17. Kh1 Rh6 18. Rfe1 Re8 19. Rf1 Ree6 20. Rg1 Bg4 21. g3 Ref6 22. Qd1 Rf5 {Gogiashvili,G-Kalashnikov,M (1248) Batumi 2016 0-1}) ({RR} 8. Bd3 Bxd3 9. Qxd3 O-O 10. Nc3 c6 11. Ne5 Nbd7 12. Nxd7 Qxd7 13. O-O Rae8 14. f3 Re7 15. Rfe1 Rd8 16. Rad1 Qc7 17. a3 h6 18. Rd2 Red7 19. Na4 Rd6 20. Rc1 Qe7 21. b4 Nd7 22. Rdc2 b5 {Kandjolas,K (1792)-Poysti,N (2117) Veliko Gradiste SRB 2018 ½-½ (62)}) ({RR} 8. Be2 O-O 9. O-O Nbd7 10. Nbd2 b6 11. Rc1 c5 12. Bb5 a6 13. Bxd7 Nxd7 14. Qe2 Rfe8 15. Qd1 Re6 16. Qb3 Rg6 17. Kh1 Rh6 18. Rfe1 Re8 19. Rf1 Ree6 20. Rg1 Bg4 21. g3 Ref6 22. Qd1 Rf5 {Gogiashvili,G-Kalashnikov,M (1248) Batumi 2016 0-1}) ({RR} 8. Nc3 h6 9. Rc1 c6 10. Bd3 Bxd3 11. Qxd3 Nbd7 12. O-O O-O 13. h3 Qe7 14. a3 Ne4 15. Nd2 Nxd2 16. Qxd2 Nb6 17. Qc2 Nc4 18. a4 a6 19. b3 Nd6 20. Rfe1 Rfe8 21. Qd3 Rad8 22. f3 f5 {Lippitz,J (1828)-Isbilir,L (2118) Willingen GER 2025 1-0 (47)}) 8... O-O 9. Nc3 Nbd7 10. Rc1 c6 11. Nh4 Bg6 12. Nxg6 hxg6 13. Be2 b5 14. O-O a5 15. Qc2 Rfe8 16. h3 Nb6 17. Nb1 Rac8 18. Nd2 a4 19. Bd3 Re6 20. b3 Nfd7 21. Nf3 Ree8 22. Qd2 b4 23. Rc2 Ra8 24. Rfc1 Rec8 25. e4 axb3 26. axb3 dxe4 27. Bxe4 Nd5 28. Bxd5 Qxd5 29. Qxb4 Rcb8 30. Qc4 Nf6 31. Qxc6 Qxb3 32. Qxa8 Rxa8 33. Rc8+ Rxc8 34. Rxc8+ Kh7 35. Ng5+ Kh6 36. f4 Nh7 37. d5 Nxg5 38. fxg5+ Kxg5 39. d6 Qb6+ 40. Kh1 Qxd6 41. Rc1 f5 42. Rf1 Kh4 43. Rf3 Qe5 44. Kg1 g5 0-1

[Event "Danzhou 08th"]
[Site "Danzhou"]
[Date "2017.07.10"]
[Round "2"]
[White "Ivanchuk, Vassily"]
[Black "Wei, Yi"]
[Result "1/2-1/2"]
[WhiteElo "2729"]
[BlackElo "2738"]
[PlyCount "87"]
[EventDate "2017.07.09"]
[EventType "tourn"]
[EventRounds "9"]
[EventCountry "CHN"]
[EventCategory "19"]
[SourceTitle "CBM 180"]
[Source "ChessBase"]
[SourceDate "2017.09.13"]
[SourceVersion "1"]
[SourceVersionDate "2017.09.13"]
[SourceQuality "1"]

1. d4 Nf6 2. c4 e6 3. Nf3 d5 4. e3 c5 5. cxd5 exd5 6. Bb5+ Bd7 7. Bxd7+ Nbxd7 8. dxc5 Nxc5 9. O-O g6 $146 ({RR} 9... Bd6 10. Nc3 Rc8 11. Qd4 O-O 12. Rd1 Qb6 13. Ne2 Qa6 14. Ng3 Bxg3 15. hxg3 Nb3 16. axb3 Qxa1 17. Qa4 Qb1 18. Nd2 Qd3 19. Qd4 Qe2 20. Rf1 Ng4 21. Nb1 Rxc1 22. Rxc1 Qxf2+ 23. Kh1 Qxg3 24. Qf4 {Forster,J-Lasch,P Buehl 1983 1-0}) ({RR} 9... Bd6 10. Nc3 Nce4 11. Nxd5 Bxh2+ 12. Nxh2 Qxd5 13. Qxd5 Nxd5 14. f3 Nc5 15. e4 Nb4 16. Bd2 Nc6 17. Ng4 Rd8 18. Rfd1 f6 19. Ne3 Kf7 20. Nf5 Nd3 21. Bc3 Rd7 22. Rd2 Rhd8 23. Rad1 b5 24. b4 {Carlsen,M (2775)-Polgar,J (2711) Mainz 2008 ½-½ (33)}) ({RR} 9... Be7 10. Nc3 O-O 11. b3 Nce4 12. Ne2 Qd7 13. Bb2 Rac8 14. h3 b5 15. Ne5 Qb7 16. f3 Nc5 17. Nd3 Rfe8 18. Nd4 Nfd7 19. Nf5 Bf8 20. Nf4 Nb6 21. Nh5 Ne6 22. f4 Kh8 23. Rf3 f6 24. Rg3 {Ashwath Kaushik (2264)-Kovalskyi,R (2180) Hajduszoboszlo HUN 2025 1-0 (32)}) ({RR} 9... Bd6 10. Nc3 a6 11. b3 O-O 12. Bb2 Rc8 13. Rc1 Re8 14. Qd4 Ne6 15. Qd3 Qa5 16. a3 d4 17. Ne2 Rxc1 18. Rxc1 Nc5 19. Qd1 Nce4 20. b4 Qh5 21. Nf4 Qh6 22. Qxd4 Bxf4 23. exf4 Qxf4 24. h3 {Eingorn,V (2450)-Agzamov,G (2535) Tashkent 1983 0-1 (57)}) 10. b4 Nce4 11. Bb2 Bg7 12. Nc3 O-O 13. Qb3 Ng4 14. h3 Bxc3 15. Bxc3 Nxc3 16. Qxc3 Nf6 17. Rfc1 Re8 18. a3 a6 19. Qd4 Re4 20. Qc5 Re8 21. Qc7 Re7 22. Qxd8+ Rxd8 23. Rc2 Kf8 24. Kf1 Ke8 25. Rd1 Rdd7 26. g4 h6 27. Rc8+ Rd8 28. Rc5 Red7 29. Ke2 Ne4 30. Rc2 Re7 31. a4 Re6 32. Nd4 Re7 33. h4 Nd6 34. Rc5 Ne4 35. Rcc1 Nd6 36. h5 gxh5 37. gxh5 Re5 38. Rh1 Nf5 39. Nxf5 Rxf5 40. Rc5 Rf6 41. Rh4 Ke7 42. a5 Rd7 43. Rc8 Rd8 44. Rc7+ 1/2-1/2

[Event "Khanty-Mansiysk Governor Cup 12th"]
[Site "Khanty-Mansiysk"]
[Date "2016.11.19"]
[Round "3"]
[White "Goganov, Aleksey"]
[Black "Rakhmanov, Alexander"]
[Result "1/2-1/2"]
[WhiteElo "2643"]
[BlackElo "2664"]
[PlyCount "88"]
[EventDate "2016.11.17"]
[EventType "swiss"]
[EventRounds "9"]
[EventCountry "RUS"]
[SourceTitle "CBM 175 Extra"]
[Source "ChessBase"]
[SourceDate "2016.12.12"]
[SourceVersion "1"]
[SourceVersionDate "2016.12.12"]
[SourceQuality "1"]

1. d4 d5 2. c4 e6 3. Nf3 a6 4. Bg5 Be7 5. Bxe7 Qxe7 6. Nbd2 Nf6 7. e3 ({RR} 7. g3 O-O 8. Bg2 Nbd7 9. O-O c6 10. Rc1 e5 11. cxd5 cxd5 12. dxe5 Nxe5 13. Nxe5 Qxe5 14. b3 Bg4 15. Nf3 Bxf3 16. Bxf3 Rac8 17. Qd2 g6 18. Rxc8 Rxc8 19. Rd1 Kg7 20. Kg2 g5 21. h3 h5 {Tsydypov,Z (2558)-Rakhmanov,A (2646) Khanty-Mansiysk 2020 0-1 (71)}) 7... O-O ({RR} 7... Nbd7 8. Rc1 c6 9. Bd3 O-O 10. Qc2 e5 11. cxd5 cxd5 12. dxe5 Nxe5 13. Nxe5 Qxe5 14. Nf3 Qh5 15. O-O Bh3 16. Qc7 Rac8 17. Qf4 Qg4 18. Qxg4 Bxg4 19. Nd4 Rxc1 20. Rxc1 Rc8 21. Re1 Kf8 22. f3 {Wojtaszek,R (2734)-Bartel,M (2637) Poland 2017 ½-½ (63)}) 8. Rc1 Nc6 ({RR} 8... c6 9. Bd3 Nbd7 10. Qc2 h6 11. Qc3 Re8 12. Ne5 c5 13. O-O dxc4 14. Ndxc4 Nd5 15. Qd2 cxd4 16. exd4 N7f6 17. f4 Bd7 18. g4 b5 19. Na5 Qb4 20. Qxb4 Nxb4 21. Bb1 Re7 22. g5 Ne8 23. Be4 {Chasin,N (2500)-Centrih,A (2222) Karlsruhe GER 2026 1-0 (49)}) 9. Bd3 Rd8 $146 ({RR} 9... e5 10. cxd5 Nxd5 11. Be4 Rd8 12. Rxc6 bxc6 13. Nxe5 Bb7 14. Qc2 Nf6 15. Bxc6 Rdb8 16. O-O Qe6 17. Nb3 Bxc6 18. Nxc6 Rb5 19. Nc1 Qe4 20. Qxe4 Nxe4 21. Nd3 a5 22. Rc1 Kf8 23. f3 Nd6 24. b3 {Krush,I (2430)-Avramidou,A (2274) Chennai 2022 1-0 (44)}) ({RR} 9... e5 10. cxd5 Nxd5 11. Be4 Rd8 12. Rxc6 bxc6 13. Nxe5 Bb7 14. Qc2 Nf6 15. Bxc6 Rdb8 16. O-O Qe6 17. Nb3 Bxc6 18. Nxc6 Rb5 19. Nc1 Qe4 20. Qxe4 Nxe4 21. Nd3 a5 22. Rc1 Kf8 23. f3 Nd6 24. b3 {Krush,I (2430)-Avramidou,A (2274) Chennai 2022 1-0 (44)}) 10. O-O e5 11. cxd5 Nxd5 12. Rxc6 bxc6 13. Nxe5 Bd7 14. Nb3 a5 15. Qc2 g6 16. a3 Rdb8 17. Nc4 Rb5 18. Nc5 Rxc5 19. dxc5 Qxc5 20. Rc1 Nb6 21. Qc3 Nxc4 22. Bxc4 Qe7 23. Be2 Be8 24. Bf3 Rb8 25. g3 Rb6 26. h4 h5 27. Rc2 Ra6 28. Kg2 Bd7 29. Rd2 Bf5 30. Rd4 Qf6 31. e4 Be6 32. e5 Qe7 33. Bxc6 Kh7 34. Bf3 Rb6 35. Ra4 Rb3 36. Qd2 Qc5 37. Rd4 Qxe5 38. Bd5 Bxd5+ 39. Rxd5 Qe4+ 40. Kg1 Rxb2 41. Rxh5+ gxh5 42. Qxb2 c5 43. Qb5 Qe1+ 44. Kg2 Qe4+ 1/2-1/2

[Event "1st 3-0 Thu 9th Apr 2026"]
[Site "chess.com INT"]
[Date "2026.04.09"]
[Round "6"]
[White "Andreikin, D."]
[Black "Aravindh, Chithambaram VR."]
[Result "1/2-1/2"]
[WhiteElo "2710"]
[BlackElo "2693"]
[PlyCount "86"]
[EventDate "2026.04.09"]

1. d4 Nf6 2. c4 e6 3. Nf3 d5 4. Bg5 Be7 5. e3 h6 6. Bxf6 Bxf6 7. Qc2 O-O 8. h4 c5 9. g4 cxd4 ({RR} 9... g6 10. g5 hxg5 11. hxg5 Bg7 12. Nc3 cxd4 13. exd4 Nc6 14. O-O-O Qa5 15. Qd2 dxc4 16. Bxc4 Rd8 17. Qe3 b5 18. Bb3 Ne7 19. Qf4 Nf5 20. d5 exd5 21. Nxd5 Be6 22. Kb1 Rac8 23. Ne5 Rc5 24. Ne7+ {Mamedyarov,S (2767)-So,W (2767) Chess.com INT 2019 1-0}) ({RR} 9... g6 10. g5 hxg5 11. hxg5 Bg7 12. Nc3 cxd4 13. exd4 Nc6 14. O-O-O Qa5 15. a3 Rd8 16. Rh4 Rb8 17. cxd5 exd5 18. Bd3 Ne7 19. Rdh1 Bf5 20. Rh7 Rbc8 21. Kb1 Rxc3 22. bxc3 Qxa3 23. Bxf5 Rd6 24. Qc1 {Andreikin,D (2695)-Kovalev,V (2557) chess.com INT 2025 0-1 (43)}) 10. g5 Be7 ({RR} 10... dxe3 11. fxe3 Be7 12. gxh6 Bb4+ 13. Nc3 Bxc3+ 14. bxc3 g6 15. Bd3 Qf6 16. Ke2 e5 17. cxd5 Bg4 18. Be4 Nd7 19. Rag1 Bxf3+ 20. Bxf3 Nc5 21. Be4 Kh8 22. c4 Rac8 23. Rg5 Nxe4 24. Qxe4 Qa6 25. Rc1 {Mikaelyan,A (2492)-Batchuluun,T (2430) Van Nuys, CA USA 2025 1-0 (43)}) 11. gxh6 gxh6 12. Rg1+ $146 ({RR} 12. exd4 Nc6 13. Rg1+ Kh8 14. Qd2 Kh7 15. Bd3+ f5 16. Nc3 Nb4 17. O-O-O Nxd3+ 18. Qxd3 dxc4 19. Qxc4 Bd7 20. Ne5 Rc8 21. Qb3 Bxh4 22. Kb1 Bxf2 23. Rg2 Be3 24. d5 Be8 25. dxe6 Qb6 26. Nd7 Bxd7 {Sorensen,H (2396)-Omariev,M (2304) Chess.com INT 2022 1-0 (31)}) ({RR} 12. exd4 Nc6 13. Rg1+ Kh8 14. Qd2 Kh7 15. Bd3+ f5 16. Nc3 Nb4 17. O-O-O Nxd3+ 18. Qxd3 dxc4 19. Qxc4 Bd7 20. Ne5 Rc8 21. Qb3 Bxh4 22. Kb1 Bxf2 23. Rg2 Be3 24. d5 Be8 25. dxe6 Qb6 26. Nd7 Bxd7 {Sorensen,H (2396)-Omariev,M (2304) Chess.com INT 2022 1-0 (31)}) 12... Kh8 13. Nxd4 Nc6 14. Nc3 Rg8 15. Rxg8+ Qxg8 16. O-O-O Bxh4 17. Kb1 Nxd4 18. exd4 dxc4 19. Bxc4 Bd7 20. Rh1 Bg5 21. d5 exd5 22. Nxd5 Qg7 23. f4 Bf6 24. Qh2 Bd4 25. Ne7 Re8 26. Qxh6+ Qxh6 27. Rxh6+ Kg7 28. Rd6 Rxe7 29. Rxd4 Bf5+ 30. Kc1 Re4 31. Rxe4 Bxe4 32. Kd2 Kf6 33. Ke3 Bc6 34. Kd4 Kf5 35. Bxf7 Kxf4 36. Bd5 Bxd5 37. Kxd5 Ke3 38. Kd6 Kd3 39. Kc7 a5 40. Kxb7 Kc2 41. Kb6 a4 42. Kb5 Kxb2 43. Kxa4 Kxa2 1/2-1/2

[Event "US Masters op"]
[Site "Greensboro"]
[Date "2015.08.31"]
[Round "8"]
[White "Kovalyov, Anton"]
[Black "Zherebukh, Yaroslav"]
[Result "0-1"]
[WhiteElo "2616"]
[BlackElo "2637"]
[PlyCount "86"]
[EventDate "2015.08.27"]
[EventType "swiss"]
[EventRounds "9"]
[EventCountry "USA"]
[SourceTitle "EXT 2016"]
[Source "ChessBase"]
[SourceDate "2015.10.08"]
[SourceVersion "1"]
[SourceVersionDate "2015.10.08"]
[SourceQuality "1"]

1. Nf3 d5 2. d4 Nf6 3. c4 c6 4. e3 e6 5. b3 Ne4 6. Bd3 f5 7. O-O Nd7 8. Bb2 b6 $146 ({RR} 8... Qf6 9. Ne5 Nxe5 10. dxe5 Qh6 11. Qc1 g5 12. f3 Nc5 13. Be2 Rg8 14. Bd4 Nd7 15. cxd5 exd5 16. e4 Nb6 17. a4 g4 18. Qxh6 Bxh6 19. a5 fxe4 20. fxe4 Nd7 21. e6 Nf8 22. exd5 cxd5 23. Bb5+ {Kuzubov,Y (2635)-Lund,S (2412) Helsingor 2009 1-0 (33)}) ({RR} 8... Bd6 9. Nc3 O-O 10. Ne2 Rf6 11. Ne5 Rh6 12. f4 Ndf6 13. h3 Bd7 14. Nc3 Be8 15. Nxe4 Nxe4 16. Bxe4 fxe4 17. Qe1 Qe7 18. Kh2 Bh5 19. Rg1 Rf8 20. g4 Be8 21. g5 Rh5 22. Qe2 Bg6 23. Rg3 {Nyback,T (2634)-Shirov,A (2710) Tallinn 2012 ½-½ (45)}) ({RR} 8... Bd6 9. Ba3 Bxa3 10. Nxa3 O-O 11. Nc2 a5 12. Nd2 e5 13. cxd5 Nc3 14. Qe1 Nxd5 15. Bc4 e4 16. f3 b5 17. fxe4 fxe4 18. Rxf8+ Nxf8 19. Bf1 Bf5 20. Qg3 Ng6 21. a4 b4 22. Nc4 Qf6 23. Nd6 {Zdybel,P (2249)-Skawinski,A (2313) Chotowa 2025 1-0 (45)}) ({RR} 8... Bd6 9. Qc1 Qf6 10. Ba3 Bc7 11. Nc3 Nxc3 12. Qxc3 e5 13. cxd5 e4 14. dxc6 bxc6 15. Bb5 cxb5 16. Qxc7 exf3 17. Rfc1 Kf7 18. Rc6 Qg5 19. g3 Rb8 20. Qd6 Re8 21. Qd5+ {1-0 (21) Velez Rueda,J (1855)-Vargas,M (2166) Bogota 2018}) 9. Qc1 Bb7 10. Nc3 Bd6 11. Ne2 O-O 12. Ne5 c5 13. f3 cxd4 14. Nxd7 Qxd7 15. exd4 dxc4 16. bxc4 Qc7 17. h3 Bh2+ 18. Kh1 Ng3+ 19. Nxg3 Bxg3 20. Qe3 Rfe8 21. a4 Bf4 22. Qe2 a5 23. Rab1 Bc6 24. Bc2 Qd7 25. Ra1 Rad8 26. Bb3 Qe7 27. Qf2 Qb4 28. Qc2 Qe7 29. Qf2 Qb4 30. Qc2 Qe7 31. d5 Qh4 32. Bc1 Be5 33. Rb1 exd5 34. cxd5 Bd7 35. f4 Bd6 36. Qd3 Re4 37. Be3 b5 38. Bf2 Qxf4 39. Bg1 Qe5 40. axb5 a4 41. Bc2 Rc8 42. Qd1 Re2 43. Bd3 Rxg2 0-1

[Event "Niemann-Dubov Levitov m"]
[Site "Moscow RUS"]
[Date "2025.03.08"]
[Round "10.1"]
[White "Dubov, Daniil"]
[Black "Niemann, Hans Moke"]
[Result "1/2-1/2"]
[WhiteElo "2701"]
[BlackElo "2734"]
[PlyCount "84"]
[EventDate "2025.03.07"]

1. d4 Nf6 2. Nf3 d5 3. c4 e6 4. Bg5 Be7 5. e3 Nbd7 6. cxd5 exd5 7. Nc3 O-O 8. Bd3 c6 9. Qc2 h6 10. Bf4 Nh5 11. Be5 Nhf6 ({RR} 11... Nxe5 12. dxe5 Bg4 13. h3 Bxf3 14. gxf3 Qc7 15. f4 d4 16. Ne4 dxe3 17. fxe3 Qb6 18. Ke2 f5 19. Qc4+ Kh8 20. Rag1 Qxb2+ 21. Kf3 Rad8 22. Ng3 Qa3 23. Ke2 Bh4 24. Nxh5 Rxd3 25. Qxd3 Qxa2+ 26. Qd2 {Yakubboev,N (2656)-Malakhov,V (2651) Poikovsky 2022 ½-½}) ({RR} 11... Nxe5 12. Nxe5 Be6 13. O-O Bd6 14. f4 f5 15. Ne2 Bxe5 16. fxe5 Qg5 17. Nf4 Nxf4 18. exf4 Qe7 19. Rab1 Qb4 20. Qc3 a5 21. a3 Qb6 22. Kh1 Rfc8 23. Rfc1 Qa7 24. Qc5 Qxc5 25. Rxc5 b6 26. Rc3 {Murawski,J (2205)-Boutikos,E (2170) chess.com INT 2026 1-0 (47)}) 12. Bf4 Nh5 13. Be5 Nhf6 14. O-O $146 ({RR} 14. h3 Nxe5 15. Nxe5 Nd7 16. Nf3 Qa5 17. O-O Qd8 18. Rab1 a6 19. b4 b5 20. e4 Nb6 21. a4 Be6 22. exd5 Nxd5 23. Nxd5 Bxd5 24. Bh7+ Kh8 25. Be4 Rc8 26. Rfe1 Bxe4 27. Qxe4 Bf6 28. Rbc1 Qd6 {Szelenyi,N (2312)-Frank,J (2177) Hungary 2006 0-1 (60)}) ({RR} 14. Bg3 a5 15. h3 Re8 16. O-O Bb4 17. Bh2 Qe7 18. a3 Bd6 19. Bxd6 Qxd6 20. Rab1 b6 21. b4 axb4 22. axb4 Bb7 23. Qb2 b5 24. Ra1 Nb6 25. Rfe1 Nc4 26. Bxc4 bxc4 27. b5 cxb5 28. Qxb5 Bc6 {Gorshtein,I (2528)-Henriquez Villagra,C (2594) Sant Boi ESP 2024 ½-½ (34)}) 14... Re8 15. h3 Nxe5 16. Nxe5 c5 17. Bb5 Rf8 18. dxc5 Bxc5 19. Rfd1 Bd6 20. Nf3 Be6 21. Nd4 Rc8 22. Qe2 Bb8 23. Ba4 a6 24. Bb3 Re8 25. Nxe6 fxe6 26. e4 Qd6 27. g3 d4 28. Nb1 Nd7 29. Nd2 d3 30. Qh5 Nc5 31. Nf3 Ba7 32. Kg2 Rf8 33. Rac1 b5 34. Qg4 Rc7 35. Rxc5 Qxc5 36. Rd2 Qc1 37. Bxe6+ Kh8 38. Bf5 Rc2 39. Qg6 Rxf5 40. exf5 Rxd2 41. Qe8+ Kh7 42. Ng5+ hxg5 1/2-1/2

[Event "Olympiad-41"]
[Site "Tromsoe"]
[Date "2014.08.10"]
[Round "8.1"]
[White "Vachier Lagrave, Maxime"]
[Black "Wojtaszek, Radoslaw"]
[Result "1/2-1/2"]
[WhiteElo "2768"]
[BlackElo "2735"]
[PlyCount "83"]
[EventDate "2014.08.02"]
[EventType "team-swiss"]
[EventRounds "11"]
[EventCountry "NOR"]
[SourceTitle "CBM 162"]
[Source "ChessBase"]
[SourceDate "2014.09.17"]
[SourceVersion "1"]
[SourceVersionDate "2014.09.17"]
[SourceQuality "1"]
[WhiteTeam "France"]
[BlackTeam "Poland"]
[WhiteTeamCountry "FRA"]
[BlackTeamCountry "POL"]

1. d4 {Aronian,Levon} Nf6 2. c4 e6 3. Nf3 d5 4. Bg5 h6 5. Bxf6 Qxf6 6. Nbd2 Be7 ({RR} 6... Nd7 7. Rc1 c6 8. a3 g5 9. h3 ({RR} 9. e3 Bg7) ({RR} 9. e4 g4 10. e5 Qd8 ({RR} 10... Qf5 11. Ng1 ({RR} 11. Nh4 Qf4 12. Nb3 Be7) 11... c5 12. cxd5 cxd4 13. dxe6 Qxe5+ 14. Qe2 fxe6) 11. Ng1 Qb6 12. Nb3 a5 ({RR} 12... c5 13. Bd3 cxd4 14. f4) 13. c5 Qd8 14. Nd2 Rg8) 9... h5 10. cxd5 ({RR} 10. e4 g4 11. e5 Qg7) 10... exd5 11. e4 g4 12. e5 Qg7 13. Nh4 Qg5 14. g3 f6 15. e6 Nb6 16. Rc3 ({RR} 16. Bd3 Bxe6 17. Ng6 Rg8) 16... Bxe6 17. Re3 Kd7 ({RR} 17... Qg8 18. Ng6 Bh6 ({RR} 18... Qxg6 19. Bd3 f5 20. hxg4) 19. Nxh8 Bxe3 20. fxe3 Qxh8 21. hxg4 Qg7 22. g5) 18. Bd3 Re8 ({RR} 18... Nc4 19. Bxc4 dxc4 20. Ne4 Qa5+ 21. Kf1) ({RR} 18... Bd6 19. Rxe6 Kxe6 20. Nf5 Kd7) 19. Ng6 Rg8 ({RR} 19... Nc4 20. h4 Qh6 ({RR} 20... Nxe3 21. Qb3 Qh6 22. Qxb7+ Kd6 23. Nxh8) 21. Nxc4 dxc4 22. d5) 20. Nf4 Bh6 ({RR} 20... Bf7 21. Rxe8 Kxe8 22. hxg4 Qxg4 23. Be2 Qd7 24. Bxh5 Bd6) 21. Bh7 {Aronian,L (2739)-Anand,V (2799) Nice 2008 CBM 123 Extra [Aronian,Levon] 1-0 (50)} {RR} Rg7 22. h4 Qxf4 23. gxf4 Rxh7 24. Nb3) 7. Qb3 ({RR} 7. e3 O-O 8. Rc1 c5 9. cxd5 exd5 10. Qb3 c4 11. Qb5 Qd6 12. e4 a6 13. Qxd5 Qxd5 14. exd5 b5 15. b3 Ba3 16. Rc3 Bb4 17. Rc1 c3 18. Nb1 c2+ 19. Nbd2 Bf5 20. Be2 Re8 {0-1 (20) Daulet,A (2166)-Bluebaum,M (2684) chess.com INT 2026}) 7... O-O 8. cxd5 $146 ({RR} 8. e3 Rd8 9. Be2 c5 10. dxc5 Nd7 11. O-O Nxc5 12. Qc2 dxc4 13. Nxc4 Bd7 14. Nce5 Be8 15. Rac1 Bf8 16. Rfd1 Rxd1+ 17. Rxd1 Rd8 18. h3 Qe7 19. Rd4 g6 20. Nd3 Nxd3 21. Rxd8 Qxd8 22. Bxd3 Bg7 {Lazarev,V (2387)-Pashikian,A (2617) Al Ain 2014 0-1 (77)}) 8... exd5 9. Qxd5 c5 10. Qe5 Nc6 11. Qxf6 Bxf6 12. Ne4 Bxd4 13. Nxd4 Nxd4 14. O-O-O Be6 15. e3 Nf5 16. b3 Rfd8 17. Bc4 b6 18. g4 Ne7 19. h3 Nc6 20. Bxe6 fxe6 21. Rxd8+ Rxd8 22. Rd1 Rxd1+ 23. Kxd1 Kf7 24. Kd2 Ke7 25. f4 Nb4 26. a3 Nd5 27. Kd3 g6 28. h4 h5 29. gxh5 gxh5 30. Ng3 Nf6 31. a4 a6 32. e4 b5 33. a5 e5 34. fxe5 Ng4 35. Nxh5 Nxe5+ 36. Kc3 Ng6 37. b4 Kd6 38. Nf6 cxb4+ 39. Kb3 Nxh4 40. Nd5 Nf3 41. Nxb4 Nd2+ 42. Kc2 1/2-1/2

[Event "Camarinas Entrefaros"]
[Site "Camarinas"]
[Date "2013.10.06"]
[Round "2"]
[White "Granda Zuniga, Julio E"]
[Black "Bruzon Batista, Lazaro"]
[Result "1-0"]
[WhiteElo "2665"]
[BlackElo "2685"]
[PlyCount "84"]
[EventDate "2013.10.05"]
[EventType "tourn"]
[EventRounds "10"]
[EventCountry "ESP"]
[EventCategory "17"]
[SourceTitle "CBM 157"]
[Source "ChessBase"]
[SourceDate "2013.11.12"]
[SourceVersion "1"]
[SourceVersionDate "2013.11.12"]
[SourceQuality "1"]

1. c4 Nf6 2. g3 e6 3. Bg2 d5 4. Nf3 dxc4 5. Qa4+ c6 6. Qxc4 b5 7. Qc2 Bb7 8. d4 Nbd7 9. a4 Rc8 ({RR} 9... b4 10. Ne5 Rc8 11. O-O Be7 12. Nd2 Qc7 13. Nxd7 Nxd7 14. Nc4 Nf6 15. Bf4 Qd8 16. e4 Ba6 17. Rfd1 Bxc4 18. Qxc4 O-O 19. Rac1 h6 20. b3 Qa5 21. f3 Rfd8 22. Bf1 c5 23. Qa6 Qxa6 24. Bxa6 {Daaevik Wadhawan (2370)-Yonal,T (2173) Senta SRB 2026 1-0 (65)}) 10. Ne5 ({RR} 10. O-O b4 11. Nfd2 Ba6 12. Nc4 c5 13. dxc5 Bxc5 14. Nbd2 O-O 15. b3 Ne5 16. Bb2 Nxc4 17. bxc4 Qe7 18. e3 Rfd8 19. Rfd1 h6 20. a5 Ng4 21. Ne4 Bxe3 22. Qe2 Rxd1+ 23. Rxd1 Nxf2 24. Nxf2 Qc5 {Caruana,F (2795)-Korobov,A (2587) chess.com INT 2025 0-1 (61)}) 10... Qb6 $146 ({RR} 10... Nxe5 11. dxe5 Nd5 12. O-O Be7 13. Nd2 Qc7 14. axb5 Qxe5 15. Nf3 Qb8 16. Qa4 O-O 17. e4 cxb5 18. Qxa7 Nb4 19. Bf4 Qa8 20. Nd4 Bc5 21. Qxa8 Rxa8 22. Nb3 Be7 23. Rad1 Rfd8 24. Bc7 Rd3 25. Na5 {Sivuk,V (2589)-Frank,E (2188) Spilimbergo 2021 1-0 (33)}) ({RR} 10... Nxe5 11. dxe5 Nd5 12. O-O Be7 13. Nd2 Qc7 14. axb5 Qxe5 15. Nf3 Qb8 16. Qa4 O-O 17. e4 cxb5 18. Qxa7 Nb4 19. Bf4 Qa8 20. Nd4 Bc5 21. Qxa8 Rxa8 22. Nb3 Be7 23. Rad1 Rfd8 24. Bc7 Rd3 25. Na5 {Sivuk,V (2589)-Frank,E (2188) Spilimbergo 2021 1-0 (33)}) 11. Nxd7 Nxd7 12. O-O Be7 13. Nc3 b4 14. a5 Qa6 15. Na4 Qxa5 16. Be3 Qb5 17. Nc5 Nxc5 18. dxc5 Ba6 19. Rfd1 O-O 20. Be4 Qxe2 21. Rd2 Qc4 22. Bxh7+ Kh8 23. Rd4 Qxc2 24. Bxc2 Bb5 25. Rxa7 Bf6 26. Rxb4 Ra8 27. Ra3 Kg8 28. Kg2 Rfd8 29. h4 Rab8 30. Rab3 Ra8 31. Ra3 Rab8 32. Kh2 g6 33. Bf4 Rb7 34. Bd3 Be7 35. Be3 Rd5 36. Rc3 Ba6 37. Rxb7 Bxb7 38. Rb3 Rd7 39. Be4 f5 40. Bd3 Kf7 41. Bc4 Bf6 42. Kg2 Be7 1-0